CASE OF SALMONELLA SPP.IN CHICKEN MEAT ON KAMPONG THMAR MARKET AT BARAY DISTRICT,KAMPONG THOM PROVINCE,ករណី SALMONELLA SPP.ក្នុងសាច់មាន់នៅលើទីផ្សារកំពង់ថ្ម ស្រុកបារាយណ៍ ខេត្តកំពង់ធំ (Record no. 20402)

000 -LEADER
fixed length control field 00636nam a22001217a 4500
040 ## - CATALOGING SOURCE
Transcribing agency RUA
100 ## - MAIN ENTRY--AUTHOR NAME
Personal name PHORN REK,ផន រ៉ែក
245 ## - TITLE STATEMENT
Title CASE OF SALMONELLA SPP.IN CHICKEN MEAT ON KAMPONG THMAR MARKET AT BARAY DISTRICT,KAMPONG THOM PROVINCE,ករណី SALMONELLA SPP.ក្នុងសាច់មាន់នៅលើទីផ្សារកំពង់ថ្ម ស្រុកបារាយណ៍ ខេត្តកំពង់ធំ
260 ## - PUBLICATION, DISTRIBUTION, ETC. (IMPRINT)
Place of publication PHNOM PENH
Name of publisher RUA
Year of publication 2019
300 ## - PHYSICAL DESCRIPTION
Number of Pages ix.31p.
Other physical details ill.
Dimensions 29cm.
856 ## - ELECTRONIC LOCATION AND ACCESS
Uniform Resource Identifier https://drive.google.com/file/d/1TyvpN0LGCdvmDlgO67EybT-yDc0fA0SB/view?usp=share_link
942 ## - ADDED ENTRY ELEMENTS (KOHA)
Koha item type VEM
952 ## - LOCATION AND ITEM INFORMATION (KOHA)
Withdrawn status [LOCAL, KOHA] 0
952 ## - LOCATION AND ITEM INFORMATION (KOHA)
Withdrawn status [LOCAL, KOHA] 0
952 ## - LOCATION AND ITEM INFORMATION (KOHA)
Withdrawn status [LOCAL, KOHA] 0
952 ## - LOCATION AND ITEM INFORMATION (KOHA)
Withdrawn status [LOCAL, KOHA] 0
952 ## - LOCATION AND ITEM INFORMATION (KOHA)
Withdrawn status [LOCAL, KOHA] 0
952 ## - LOCATION AND ITEM INFORMATION (KOHA)
Withdrawn status [LOCAL, KOHA] 0
Holdings
Permanent Location Date acquired Koha item type Lost status Shelving location Barcode Current Location Full call number
Library Block B2022-09-01VEM B1.558A070900Library Block BVEM PHO 2019 B1-558 Or.
Library Block B2022-09-01VEM B1.558A070724Library Block BVEM PHO 2019 B1-558 Or.
Library Block B2022-09-01VEM B1.558A070720Library Block BVEM PHO 2019 B1-558 Or.
Library Block B2022-09-01VEM B1.558A070960Library Block BVEM PHO 2019 B1-558 Or.
Library Block B2022-09-01VEM B1.558A070660Library Block BVEM PHO 2019 B1-558 Or.
Library Block B2022-09-01VEM B1.558A070600Library Block BVEM PHO 2019 B1-558 Or.
មជ្ឈមណ្ឌលឯការនៃសាកលវិទ្យាល័យភូមិន្ទកសិកម្មចំការដូង

Powered by Koha